000 00288nam a2200109Ia 4500
008 230907s9999||||xx |||||||||||||| ||und||
082 _a621.47
_bBLA
100 _aBlazev, Anco S.,
_9114553
245 0 _aSolar technologies for the 21st century /
300 _axi, 713 pages :
942 _cBK
999 _c599586
_d599586